UVOĽŇOVANIE AMYLÁZY Z HOMOGENÁTU MYCÉLIA STREPTOMYCES AUREOFACIENS

Podrobná bibliografia
Hlavní autori: Pokorná, Mária (Autor), Bačová, Mária (Autor), Polívka, Ľudovít (Autor), Zelinka, Ján, 1922-2009 (Autor)
Médium: Článok
Jazyk:slovenčina

MARC

LEADER 00000nab a2200000uu 4500
001 vtls011440958
003 SK-MaSNL
005 20260303123327.0
008 230213|1976 xo |||||||||||||||||slo|
015 |a SNBRB 
035 |a (urnnbn)urn:nbn:sk:snk:ar-002zo2 
035 |a (uuid)4a0421e9-323b-4bcd-864b-7b279678ad61 
035 |a urn:nbn:sk:snk-abcfb9 
040 |a SNKBUCL  |b slo  |c SNKBUCL  |e AACR2 
041 0 |a slo 
044 |a xo  |c SK 
100 1 |a Pokorná, Mária  |4 aut  |9 492525 
245 1 0 |a UVOĽŇOVANIE AMYLÁZY Z HOMOGENÁTU MYCÉLIA STREPTOMYCES AUREOFACIENS  |c Mária Pokorná, Ľudovít Polívka, Mária Bačová, Ján Zelinka 
700 1 |a Bačová, Mária  |4 aut  |9 557604 
700 1 |a Polívka, Ľudovít  |4 aut  |9 6224 
700 1 |a Zelinka, Ján,  |d 1922-2009  |4 aut  |9 198056 
773 0 |t Biológia : časopis Slovenskej akadémie vied  |g Roč. 31, č. 9 (1976), s. 693-696 
954 |a odborná, vedecká literatúra pôvodná (slovenská)  |2 lita 
958 |a OND 
958 |a EUIPO 
958 |a article16 
999 |c 1925250  |d 1927180